| 000 | 00488nam a2200181Ia 4500 | ||
|---|---|---|---|
| 005 | 20230406111214.0 | ||
| 008 | 131103s9999 xx 000 0 und d | ||
| 040 | _aLoreto College | ||
| 041 | _aEnglish | ||
| 082 |
_a823.08 _bJON |
||
| 245 |
_aWelsh short stories _cselected and with an introduction by Gwyn Jones |
||
| 260 |
_aLondon _bOxford University Press _c1956 |
||
| 300 | _axv,330 p. | ||
| 440 | _aThe World Classics | ||
| 700 | _aJones,Gwyn | ||
| 850 | _aLCLIB | ||
| 942 | _cBK | ||
| 999 |
_c4661 _d55140 |
||